[Event "Corus-B"]
[Site "Wijk aan Zee"]
[Date "2005.01.17"]
[Round "3"]
[White "Ernst, Sipke"]
[Black "Stefanova, Antoaneta"]
[Result "0-1"]
[WhiteElo "2509"]
[BlackElo "2491"]
[Annotator "Aagaard,J"]
[PlyCount "66"]
[EventDate "2005.01.15"]
[EventType "tourn"]
[EventRounds "13"]
[EventCountry "NED"]
[EventCategory "13"]
[SourceTitle "CBM 105"]
[Source "ChessBase"]
[SourceDate "2005.04.11"]
[SourceVersion "1"]
[SourceVersionDate "2005.04.11"]
[SourceQuality "1"]

1. d4 d5 2. c4 c6 3. Nf3 Nf6 4. Nc3 a6 5. c5 Nbd7 6. Bf4 Nh5 7. e3 b6 8. cxb6
Qxb6 9. Qd2 Nxf4 10. exf4 e6 11. Rc1 c5 12. Na4 Qa7 13. dxc5 Nxc5 14. Qd4 Nxa4
15. Rxc8+ Kd7 16. Qxa4+ Kxc8 17. Ne5 $5 (17. Qe8+ Kc7 18. Qxf7+ Kb8 $11) 17...
Qb7 $1 18. Qe8+ Kc7 19. Qxf7+ Kb8 20. Qxe6 (20. Bd3 Qxf7 21. Nxf7 Bb4+ 22. Ke2
Rf8 23. Ng5 Rf6 $15) 20... Bb4+ (20... Bc5 $13) 21. Ke2 Rc8 22. Kf3 $14 Ka7 23.
Bd3 Rc7 24. Bxh7 $6 (24. Rd1 $14) 24... Rf8 25. Rd1 $4 (25. Bg6 $13) 25... g5
$1 $17 26. Bf5 d4+ $1 27. Ke2 Re7 28. Qc4 Rxf5 29. Qxd4+ Qb6 30. Kf1 Bc5 31.
Qe4 Qb5+ 32. Kg1 Rexe5 33. fxe5 Rxf2 0-1

[Event "Dos Hermanas"]
[Site "Dos Hermanas"]
[Date "1997.04.02"]
[Round "2"]
[White "Anand, Viswanathan"]
[Black "Shirov, Alexei"]
[Result "1-0"]
[WhiteElo "2765"]
[BlackElo "2690"]
[Annotator "Anand,V"]
[PlyCount "69"]
[EventDate "1997.04.01"]
[EventType "tourn"]
[EventRounds "9"]
[EventCountry "ESP"]
[EventCategory "19"]
[SourceTitle "CBM 059"]
[Source "ChessBase"]
[SourceDate "1997.08.01"]
[SourceVersion "1"]
[SourceVersionDate "1997.08.01"]
[SourceQuality "1"]

{This game was played in the 2nd round. I figured that there wasn't a better
time to spring a surprise on Alexei - on the 1st move!  I had played 1.Nf3
against Alexei before, but that was a rapid game in Monaco 1997. In our last
two "classical" encounters, I played e2-e4 as always, but I didn't get
anything in Linares. So here goes...!} 1. Nf3 {Huebner,R Lisenko} d5 2. d4 c6
3. c4 Nf6 4. Nc3 a6 {Alexei plays various types of Slavs and the King' Indian,
and I had also taken a look at this obscure system. Well, it's a lot less
obscure these days thanks to Shirov's efforts! Even so, I had seen it a long
time ago. In the World Junior Championship in Finland 1984, Dreev played an
amazing game against Thorsteins. I couldn't believe that this sort of move
didn't lose at once! I remember thinking that these were the most creative
people on the planet. Informator 36 came out during the event and I saw almost
the whole game played before between Tukmakov and Bagirov! Dreev had merely
improved on that game! So when I looked for a system against 4...a6 I looked
first of all at this move.} 5. Bg5 Ne4 (5... e6 {How many people would play 5..
.a6 against the Botvinnik system?}) 6. Bf4 Nxc3 7. bxc3 dxc4 8. g3 (8. e4 $5 {
Lisenko}) 8... g6 {Shirov deviates} (8... b5 9. Bg2 Bb7 10. Ne5 f6 11. Nxc4 $5
g5 $5 (11... bxc4 $6 {Lisenko} 12. Rb1 e5 (12... Qc8 13. Qa4 Nd7 14. O-O $44)
13. Rxb7 exf4 14. Qa4 $44 {Tukmakov,V-Bagirov,V /SSSR/1983/ Inf 36/449/} (14.
Qa4 {Huebner,R} Qc8 15. Rb6 Bd6 16. Qxc4 Ke7 17. O-O $36 {geschah in der
Partie Tukmakov-Bagirov, UdSSR 1983, Inf. 36/449.})) 12. Bxb8 (12. Bxg5 $5 {
Huebner,R}) 12... bxc4 13. Rb1 Rxb8 14. Rxb7 Rxb7 15. Bxc6+ Rd7 16. Qa4 e6 17.
O-O Bd6 (17... Ke7 {Lisenko} 18. Bxd7 Qxd7 19. Qxa6 $14) 18. Qxa6 (18. Rb1 {
Lisenko} Ke7 19. Bxd7 Qxd7 20. Qxa6 Rc8 21. Rb7 $1 Rc7 22. Rxc7 Qxc7 23. Qb5 $1
(23. a4 $2 Bb4 $3 24. cxb4 c3 25. Qd3 c2 26. Qxh7+ Kd6 $19) 23... h5 $1 24. a4
h4 $17 {Dreev,Dvorietzky/}) 18... Kf7 19. Bxd7 Qxd7 20. Qxc4 Rb8 (20... h5 $1 {
Lisenko}) 21. Qd3 $1 $10 (21. a4 $6 {Lisenko} Qc8 $1 22. Qd3 Kg7 23. f4 $6 $17
{Thorsteins,K-Dreev,A /Kiljava/1984 0:1 (51) Inf 38/474/}) 21... Kg7 22. c4 Qa4
23. c5 Be7 24. Ra1 Rb2 25. a3 Rb3 26. Qe4 $2 (26. Qd1 $1 $13 {Lisenko}) 26...
Qc4 $1 {0-1 Rashkovsky,N-Rublevsky,S/Kurgan 1993/CBM 39/[Lisenko] (37)}) 9. Bg2
Bg7 10. Ne5 $1 {White has to act quickly, otherwise he will simply be a P down.
} Be6 (10... Bxe5 11. Bxe5 f6 {wird von V. Anand vorgeschlagen ("Schach" 5/
1997, S.9). Ich habe nach der einfachen Folge} 12. Bf4 {/\ e4~/=} (12. Bf4 {
Huebner,R} O-O 13. h4 {kein besonderes Vertrauen in die Stellung des Schwarzen.
Vielleicht ist 11...0-0 an Stelle von 11...f6 etwas genauer, aber die
strukturellen Verhältnisse bleiben dieselben.})) 11. Qb1 $1 {The Ra1 will be
useful on the a-line if Black plays b7-b5} (11. Rb1 Ra7 $1 (11... f6 {Huebner,R
} 12. Nf3 b5 $44)) 11... Qc8 12. a4 $1 a5 (12... Nd7 13. Nxd7 Qxd7 14. a5 $16)
(12... g5 $5 {Not the first move you think of, but here White's N is running
out of squares!} 13. Be3 (13. Bxg5 $4 f6) (13. Bc1 {Huebner,R} g4 {ist eine
Idee Anands; der Springer auf e5 soll durch f7-f6 erobert werden. Ich habe
wenig Zutrauen zu dieser Fortsetzung; nach} 14. h3 gxh3 15. Be4 {sieht die
Stellung des Schwarzen allzu zerfetzt aus.}) 13... g4 {Now White has to play
the ugly... /\f7-f6} (13... Bd5 {sieht weniger überzeugend aus.}) 14. f3 {
But he should have good chances after he castles - Black's K won't be safe on
either flank.} (14. O-O f6 15. f4 {This is more speculative.})) 13. O-O O-O 14.
Ra2 $1 {Surprisingly, Black has no way to prevent Rb2-b6. Xb7} Nd7 {Ich bin
der Meinung, daß Schwarz} (14... f6 {Huebner,R versuchen sollte; nach} 15. Nf3
Nd7 {entsteht eine unklare Stellung mit Aussichten für beide Seiten. Nach dem
Textzug ist Schwarz für den Rest der Partie zu passiver Verteidigung
verurteilt.}) 15. Nxd7 Qxd7 16. Rb2 Ra7 17. Rb6 {/\Qb2;Rb1 - Xb7 Dieser Zug
dient laut Anand dazu, dem Schwarzen den Zug b7-b5 mit Bildung eines
Freibauern auf der a-Linie unmöglich zu machen ("Schach" 5/1997, S.10).} (17.
e4 {In order to meet f5 with e4-e5.} b5 $1 {This was what I didn't like -
Shirov would have been familiar with similar ideas in the Grunfeld. Black just
abandons his centre and puts his hopes on a far advanced a-P. White is
probably better in either case, but I preferred the game continuation.} (17...
f5 {Anand} 18. e5)) 17... f5 $1 {Black's only chance. Otherwise White just
triples.} 18. Qb2 Bd5 19. Bxd5+ cxd5 (19... Qxd5 20. Rxb7 Rxb7 21. Qxb7 e5 (
21... Bf6 22. Rb1 g5 {We thought Black had some counterchances here when Kevin
Spraggett pointed out the right way.} (22... Qe4 {Huebner,R} 23. Rb2 $14) 23.
Be5 $1 {Spraggett Spraggett} Bxe5 24. Rb5 Rb8 25. Rxd5 Rxb7 26. Rxe5 $18 {
Thanks to g5, Black will lose too many Ps.}) 22. Bxe5 Bxe5 23. dxe5 Qxe5 24.
Qxc6 Qxc3 25. Rd1 {Though material is about equal, White's -> is very strong.
Especially Rd7 is hard to meet.} (25. Rd1 {steht Weiß laut Anand "riesig" 
("Schach" 5/1997, S.10), weil Schwarz Sorgen mit seiner offenen Königsstellung
hat. Ganz klar scheint mir die Sache nach} Kg7 {gefolgt von Tf8-f7 noch nicht
zu sein.})) 20. Rb1 Rd8 (20... Qxa4 $4 21. Rb5 {/\ Ra1+-}) 21. Qa2 ({Auf} 21.
Rxb7 {Huebner,R folgt} Rxb7 22. Qxb7 Qxa4 {. Damit wird der Sinn des Zuges 20..
.Td8 klar: der Bauer auf d5 sollte gedeckt werden, um dem Schwarzen diese
Fortsetzung zu ermöglichen.}) 21... Rc8 22. R6b5 Bf6 23. h4 Kf7 24. R1b2 {
/\Qa2-b1-c1-e3} Rc6 $2 {A blunder, but White was threatening to swing his Q to
e3 and then to open the kingside. Black's position would eventually collapse.
Schwarz stellt den Bauern auf b7 ein. V. Anand meint, ("Schach" 5/1997, S.10),
daß die Stellung des Schwarzen ohnehin hoffnungslos sei; Weiß bringe seine
Dame nach e3 und öffne die Stellung am Königsflügel. Diese Öffnung scheint mir
aber nicht einfach zu erreichen zu sein, wenn Schwarz h7-h5 spielt.} 25. Bb8 $1
Raa6 26. Rxb7 Qe6 27. Qb1 g5 {Dies beschleunigt den Untergang, aber jetzt
dürfte die Stellung des Schwarzen in der Tat hoffnungslos sein.} 28. g4 $1 gxh4
$2 (28... Qe4 29. Qxe4 fxe4 30. h5 $16 {White plays e3 and then either
penetrates on the 8th rank or attacks the a5 pawn.}) 29. gxf5 Qc8 30. Kh2 Qg8
31. Qh1 $1 Qd8 32. Bf4 Rcb6 33. Rb8 $1 {Of course taking on b6 and then
capturing the d5 and c4 pawns would also win, but this leads to mate.} Rxb8 34.
Rxb8 Qd7 35. Qg2 (35. Qg2 Bg7 36. Qg4 {/\ Qh5+-}) 1-0

[Event "Olympiad-37"]
[Site "Turin"]
[Date "2006.06.02"]
[Round "11"]
[White "Kempinski, Robert"]
[Black "Arizmendi Martinez, Julen Luis"]
[Result "1/2-1/2"]
[WhiteElo "2586"]
[BlackElo "2540"]
[Annotator "Arizmendi,J"]
[PlyCount "230"]
[EventDate "2006.05.21"]
[EventType "team-swiss"]
[EventRounds "13"]
[EventCountry "ITA"]
[SourceTitle "CBM 113"]
[Source "ChessBase"]
[SourceDate "2006.07.31"]
[SourceVersion "1"]
[SourceVersionDate "2006.07.31"]
[SourceQuality "1"]
[WhiteTeam "Poland"]
[BlackTeam "Spain"]
[WhiteTeamCountry "POL"]
[BlackTeamCountry "ESP"]

1. d4 d5 2. c4 c6 3. Nc3 Nf6 4. Nf3 a6 5. e3 Bf5 6. Qb3 b5 7. cxd5 cxd5 8. a4
b4 9. Ne2 $6 {Certainly not the most critical move, but my opponent did not
seem to remember much about this line and took a solid way out.} ({Theory
recommends} 9. Qxb4 Nc6 10. Qc5 Na5 11. Bxa6 Rxa6 12. Qb5+ Rc6 13. Ne5 Bd7 14.
Nxd7 Nxd7 15. Bd2 Rc8 16. Nxd5 Nc4 17. Rc1 Nd6 18. Rxc8 Qxc8 {, when experts
still have not made up their mind as to what should the assessment of this
position be. I guess the fact that Svidler plays this line often very much
speaks in Black´s favor.}) 9... Nc6 10. a5 Bd7 $5 ({Also possible is} 10... e6
11. Nh4 Bg6 12. Nxg6 hxg6) 11. Ne5 e6 (11... Nxa5 12. Qxb4 Nc6 13. Qb3 e6 $11 {
is equal as well, but I was already thinking of more.}) 12. Nxd7 Qxd7 13. Ng3
Bd6 ({Right after the game I thought I had missed my chance at this point,
believing there should be some way to get to the a5-pawn. However, I could
find no path to take advantage of this weakness. For example,} 13... Be7 14.
Bd3 O-O 15. Bd2 Rfb8 16. O-O Bd8 17. Qa4 Qb7 (17... Nxa5 18. Bxb4) 18. Rfc1
Nxa5 19. Nh5 $1) ({Best is probably} 13... h5 $1 {, trying to make good use of
my more harmonious development by weakening White´s light-squares on the
kingside.} 14. Bd3 h4 15. Ne2 h3 16. g3 e5 {This is much more dangerous than
in the game due to weakened f3-square.} 17. dxe5 Nxe5 18. Nd4 (18. O-O Bc5 19.
Nd4 Nxd3 (19... Bxd4 20. exd4 Nf3+ 21. Kh1 O-O) 20. Qxd3 O-O 21. Bd2 Ne4 $13)
18... Ne4 (18... Bc5 19. Bf5 Qa7 20. Qa4+ Kf8 21. Nc6 Nxc6 22. Qxc6) 19. Be2
Bc5 20. f3 Nf6 21. Bd2 O-O 22. O-O Rfe8 {, with good play for Black.}) 14. Bd3
O-O 15. Bd2 e5 ({Now I realized that} 15... Bc7 16. Qa4 Rfb8 {runs into} 17.
Rc1 {, so I played it safe.}) 16. dxe5 Nxe5 17. O-O Nxd3 18. Qxd3 Rfb8 19. b3
Bxg3 20. hxg3 Ne4 {Here I offered a draw, but my opponent declined, and
rightly so, since he has the easier game; objectively, however, the position
remains equal.} 21. Rfc1 Qb5 22. Qd4 Nxd2 23. Qxd2 Rc8 24. Qd4 h6 25. Qb6 $1 {
The best chance. Now I went into a pawn-down rook ending which is easily drawn.
} Rxc1+ 26. Rxc1 Qxb6 27. axb6 Rb8 28. Rc6 a5 29. Rc5 a4 ({I could retain the
pawn by playing} 29... Rxb6 30. Rxa5 Rd6 31. Rb5 d4 32. exd4 Rxd4 {, but, in
time trouble, this seemed more dangerous than the line in the game.} 33. Kf1)
30. bxa4 Rxb6 31. Rxd5 b3 32. Rd1 Ra6 33. Rb1 Rxa4 34. Rxb3 h5 35. Kf1 Ra2 36.
Rb4 f5 {In this way, White will have to trade at least two pawns if he wants
to get rid of his doubled pawns.} 37. Rb5 g6 38. Rb7 Kf8 39. Ke1 Rc2 40. Rd7
Ra2 41. Rd2 Ra1+ 42. Ke2 Ke7 43. Kf3 Ra4 44. Ke2 Ra3 45. Rb2 Kf6 46. Rb6+ Kf7
47. Kf3 Ra4 48. Rd6 Ra2 49. e4 {White has been playing around for a while, but
realizes there is no progress without this move.} fxe4+ 50. Ke3 Rb2 51. Rd4 Kf6
52. Rxe4 Rb3+ 53. Ke2 Kf5 54. Rc4 Rb2+ 55. Ke3 Rb3+ 56. Kd4 Rb2 57. Rc8 Kf6 58.
Ke4 Kg7 59. Kf3 Rb3+ 60. Kf4 Rb2 61. Ke3 Rb3+ 62. Kd2 Ra3 63. Rc4 Ra2+ 64. Ke3
Ra3+ 65. Kf4 Ra2 66. Ke3 Ra3+ 67. Kd2 Ra2+ 68. Rc2 Ra3 69. Ke2 Kf6 70. f3 Kf5
71. Kf2 Ra4 72. Kg1 Rb4 73. Kh2 Ra4 74. Kh3 Rb4 75. Rc8 Kf6 76. Rf8+ Kg7 77.
Rf4 Rb2 78. Rc4 Ra2 79. g4 hxg4+ 80. Rxg4 Rd2 81. Ra4 Rf2 {In these endings,
the easiest thing is to attack the back of the pawn-chain.} 82. Ra3 Kf6 83. g3
Rb2 84. Ra6+ Kf7 85. Ra4 Rb5 86. Kg4 Kf6 87. Ra6+ Kf7 88. Rd6 Rf5 89. Rd4 Ra5
90. Kf4 Rb5 91. Rd6 Rb4+ 92. Ke5 Rb5+ 93. Rd5 Rb3 94. Kf4 Kf6 95. Rd6+ Kf7 96.
g4 Rb5 97. Ke4 Ra5 98. Rd5 Ra3 99. Kf4 Rb3 100. Rc5 Ra3 101. Rc7+ Kg8 {Not the
only move, but the most practical one.} (101... Kf8 $2 102. Kg5 Rxf3 103. Kxg6
Rg3 104. g5 $18) (101... Kf6 {draws as well, but it is a very scary ride:} 102.
g5+ Ke6 103. Kg4 Ra1 104. Rg7 Ke5 105. f4+ Ke4 106. Re7+ (106. Rxg6 Rg1+ 107.
Kh4 $4 Kf3) 106... Kd5 107. Re5+ (107. Kg3 Ra3+) 107... Kd6 108. Rb5 Ke7 $11) (
101... Ke6 $2 102. Kg5 $18) 102. Ke4 (102. Kg5 Rxf3 103. Kxg6 Rf8 $11 {is
where the game will eventually lead.}) 102... Rb3 103. Rd7 Ra3 104. f4 Rg3 105.
g5 Rg1 106. Ke5 Rf1 107. Rc7 Rf2 108. Rc4 Kf7 109. Rc7+ Kg8 110. Kf6 Rxf4+ 111.
Kxg6 Rf8 $1 {This is the reason why the king should go to g8. Against a
knight-pawn in rook endings, the weaker side can draw by defending passively
on the first rank.} 112. Rg7+ Kh8 113. Rf7 Ra8 114. Rc7 Kg8 115. Kh6 Ra6+
1/2-1/2